Toutes Les Mêmes Chansons à N'oubliez pas les Paroles #NOPLP - Statistiques

Statistiques générales
  • Ce quiz a été pris 207 fois
    90 depuis la dernière actualisation
  • Le résultat moyen est 97 sur 518
Statistiques - réponses
Années Artistes Chansons % Correct
1965 Charles Aznavour La Bohème
63%
1945 Charles Trenet La Mer
60%
1961 Hugues Aufray Santiano
56%
1965 Christophe Aline
52%
1975 Christophe Les Mots bleus
52%
1965 Georges Brassens Les Copains d'abord
50%
1975 Nino Ferrer Le Sud
50%
1998 Johnny Hallyday Allumer le feu
48%
1970 Barbara L'Aigle noir
48%
1997 Lara Fabian Tout
46%
1978 Claude François Alexandrie Alexandra
42%
2015 Louane Jour 1
42%
1951 Luis Mariano Mexico
42%
1983 Dalida Mourir sur scène
42%
1946 Tino Rossi Petit Papa Noël
42%
1998 Notre Dame de Paris Belle
40%
1980 France Gall Il jouait du piano debout
40%
1997 Lara Fabian Je t'aime
40%
2010 Zaz Je veux
40%
2014 Louane (La Famille Bélier) Je vole
40%
2007 Renan Luce La Lettre
40%
1974 Michel Delpech Le Chasseur
40%
1964 Jacques Brel Amsterdam
38%
1974 Annie Cordy La Bonne du curé
38%
1986 Johnny Hallyday L'Envie
38%
1969 Joe Dassin Les Champs-Élysées
38%
1981 Michel Sardou Les Lacs du Connemara
38%
1985 Renaud Mistral gagnant
38%
1986 Jeanne Mas En rouge et noir
37%
1985 Daniel Balavoine L'Aziza
37%
1980 Daniel Balavoine Mon fils ma bataille
37%
2020 Barbara Pravi Voilà
37%
1973 Serge Lama Je suis malade
35%
2018 Clara Luciani La Grenade
35%
1990 Michel Berger Le Paradis blanc
35%
1983 Gilbert Montagné On va s'aimer
35%
1967 Claude François Comme d'habitude
33%
1949 Édith Piaf Hymne à l'amour
33%
1979 Francis Cabrel Je l'aime à mourir
33%
1985 Jean-Jacques Goldman et Michael Jones Je te donne
33%
1987 Jean-Jacques Goldman et Sirima Là-bas
33%
1994 Francis Cabrel La Corrida
33%
1973 Michel Sardou La Maladie d'amour
33%
1964 Jean Ferrat La Montagne
33%
1978 Daniel Balavoine Le Chanteur
33%
1952 Georges Brassens Le Gorille
33%
1959 Édith Piaf Milord
33%
2013 Stromae Papaoutai
33%
1982 Jean-Jacques Goldman Quand la musique est bonne
33%
1977 Laurent Voulzy Rockollection
33%
2001 Céline Dion et Garou Sous le vent
33%
2019 M. Pokora Tombé
33%
2020 Jérémy Frérot Un homme
33%
1976 Claude François Cette année-là
31%
1980 Eddy Mitchell Couleur menthe à l'eau
31%
1941 Charles Trenet Douce France
31%
1984 Jean-Jacques Goldman Envole-moi
31%
1984 Cookie Dingler Femme libérée
31%
1973 Michel Fugain et le Big Bazar La Fête
31%
2011 Vanessa Paradis et M (Un monstre à Paris) La Seine
31%
1972 Claude François Le Lundi au soleil
31%
1986 Images Les Démons de minuit
31%
2015 Kids United On écrit sur les murs
31%
1995 Gérald De Palmas Sur la route
31%
2008 Grégoire Toi + moi
31%
1985 Daniel Balavoine Tous les cris les S.O.S.
31%
1974 Dave Vanina
31%
2014 Kendji Girac Andalouse
29%
1972 Claude François Belinda
29%
1984 Peter et Sloane Besoin de rien envie de toi
29%
2003 Nolwenn Leroy Cassé
29%
1987 France Gall Ella elle l'a
29%
2011 Mika Elle me dit
29%
1993 Alain Souchon Foule sentimentale
29%
1967 Brigitte Bardot Harley Davidson
29%
2007 Zazie Je suis un homme
29%
1980 Michel Berger La Groupie du pianiste
29%
2018 Gims & Vianney La Même
29%
1977 Michel Polnareff Lettre à France
29%
2004 Amel Bent Ma philosophie
29%
2002 Johnny Hallyday Marie
29%
1959 Jacques Brel Ne me quitte pas
29%
1997 Jean-Jacques Goldman On ira
29%
1995 Céline Dion Pour que tu m'aimes encore
29%
1971 Michel Delpech Pour un flirt
29%
1997 Florent Pagny Savoir aimer
29%
2010 Ben l'Oncle Soul Soulman
29%
1962 Françoise Hardy Tous les garçons et les filles
29%
1972 Michel Fugain et le Big Bazar Une belle histoire
29%
1986 Desireless Voyage voyage
29%
1982 Téléphone Cendrillon
27%
1955 Georges Brassens Chanson pour l'Auvergnat
27%
2002 Calogero En apesanteur
27%
1976 Johnny Hallyday Gabrielle
27%
2005 Olivia Ruiz La Femme chocolat
27%
1970 Joe Dassin L'Amérique
27%
1978 Starmania (Claude Dubois) Le Blues du businessman
27%
1992 Laurent Voulzy Le Pouvoir des fleurs
27%
1965 Christophe Les Marionnettes
27%
1998 Tryo L'Hymne de nos campagnes
27%
1974 Daniel Guichard Mon vieux
27%
1988 Début de soirée Nuit de folie
27%
1978 Starmania (Daniel Balavoine) Quand on arrive en ville
27%
1978 Starmania (Daniel Balavoine) S.O.S. d'un Terrien en détresse
27%
2018 Hoshi Ta marinière
27%
2001 L5 Toutes les femmes de ta vie
27%
2018 Angèle & Roméo Elvis Tout oublier
27%
2018 Trois Cafés Gourmand À nos souvenirs
25%
2002 Jenifer Au soleil
25%
2019 Vitaa & Slimane Avant toi
25%
2015 Louane Avenir
25%
2005 Raphaël Caravane
25%
2017 Julien Doré Coco câline
25%
1972 Charles Aznavour Comme ils disent
25%
1983 Jean-Jacques Goldman Comme toi
25%
1991 Mylène Farmer Désenchantée
25%
2007 BB Brunes Dis-moi
25%
2016 Céline Dion Encore un soir
25%
1989 Roch Voisine Hélène
25%
2016 Amir J'ai cherché
25%
1994 Francis Cabrel Je t'aimais je t'aime et je t'aimerai
25%
1986 Johnny Hallyday Je te promets
25%
1977 Eddy Mitchell La Dernière séance
25%
2009 Mozart l'Opéra Rock L'Assasymphonie
25%
1984 La compagnie créole Le Bal masqué
25%
2005 Bénabar Le Dîner
25%
1977 Michel Delpech Le Loir-et-Cher
25%
1978 Starmania (Fabienne Thibeault) Le Monde est stone
25%
1971 Sheila Les Rois mages
25%
1998 Notre Dame de Paris Le Temps des cathédrales
25%
1975 Pierre Perret Le zizi
25%
1997 Pascal Obispo Lucie
25%
2002 Axelle Red et Renaud Manhattan-Kaboul
25%
1978 Julien Clerc Ma préférence
25%
2010 Camélia Jordana Non non non (Écouter Barbara)
25%
2007 Christophe Maé On s'attache
25%
1977 Francis Cabrel Petite Marie
25%
1990 Patrick Bruel Place des grands hommes
25%
1965 France Gall Poupée de cire poupée de son
25%
1981 France Gall Résiste
25%
2020 Amel Bent & Hatik 1, 2, 3
23%
2013 Gims Bella
23%
2013 Joyce Jonathan Ça ira
23%
2014 Kendji Girac Color gitano
23%
1985 Marc Lavoine Elle a les yeux revolver
23%
1986 Julie Pietri Ève lève-toi
23%
1980 Daniel Balavoine Je ne suis pas un héros
23%
2001 Lorie Je serai (ta meilleure amie)
23%
1976 Michel Sardou Je vais t'aimer
23%
1987 Vanessa Paradis Joe le taxi
23%
1970 Mike Brant Laisse-moi t'aimer
23%
1967 Nicoletta La Musique
23%
2000 Les 10 Commandements L'Envie d'aimer
23%
1958 Serge Gainsbourg Le Poinçonneur des Lilas
23%
2012 Tal Le Sens de la vie
23%
2016 Joyce Jonathan et Vianney Les Filles d'aujourd'hui
23%
1985 Gilbert Montagné Les Sunlights des tropiques
23%
2011 Mickael Miro L'Horloge tourne
23%
2015 Louane Maman
23%
1984 Julien Clerc Mélissa
23%
2000 Alizée Moi Lolita
23%
1972 Maxime Le Forestier Mon frère
23%
2000 Les 10 Commandements Mon frère
23%
1978 Hervé Vilard Nous
23%
2020 Julien Doré Nous
23%
2016 Amir On dirait
23%
1972 Maxime Le Forestier San Francisco
23%
2000 Garou Seul
23%
1968 Joe Dassin Siffler sur la colline
23%
1980 Diane Tell Si j'étais un homme
23%
2008 Mozart l'Opéra Rock Tatoue-moi
23%
1996 Khaled Aïcha
21%
1990 Fredericks Goldman Jones À nos actes manqués
21%
1966 Claude Nougaro Armstrong
21%
1965 Hervé Vilard Capri c'est fini
21%
1983 Axel Bauer Cargo
21%
1990 Patrick Bruel Casser la voix
21%
2014 Christine and the Queens Christine
21%
1981 Jean Schultheis Confidence pour confidence
21%
1982 Céline Dion D'amour ou d'amitié
21%
1977 Joe Dassin Dans les yeux d'émilie
21%
1981 Michel Berger Diego libre dans sa tête
21%
2007 Christophe Willem Double je
21%
2015 Boulevard des Airs Emmène-moi
21%
1985 C. Jérôme Et tu danses avec lui
21%
1982 Julien Clerc Femmes je vous aime
21%
1973 Dalida Il venait d'avoir 18 ans
21%
2002 Indochine J'ai demandé à la Lune
21%
1995 Céline Dion et Jean-Jacques Goldman J'irai où tu iras
21%
1963 Brigitte Bardot La Madrague
21%
1980 Le Grand Orchestre du Splendid La Salsa du démon
21%
1971 Stone et Charden L'Avventura
21%
1979 Richard Cocciante Le Coup de soleil
21%
2021 Juliette Armanet Le dernier jour du disco
21%
2006 Patrick Sébastien Les Sardines
21%
1994 Disney L'histoire de la vie
21%
1977 Marie Myriam L'Oiseau et l'enfant
21%
1984 Rita Mitsouko Marcia baïla
21%
1960 Édith Piaf Non je ne regrette rien
21%
1983 Isabelle Adjani Pull marine
21%
1972 Mike Brant Qui saura
21%
2017 Soprano Roule
21%
1980 Annie Cordy Tata Yoyo
21%
2013 Stromae Tous les mêmes
21%
2019 Maëlle Toutes les machines ont un cœur
21%
1984 Téléphone Un autre monde
21%
1996 Zazie Zen
21%
1977 Alain Souchon Allô maman bobo
19%
1983 Jean-Jacques Goldman Au bout de mes rêves
19%
1966 Hugues Aufray Céline
19%
2008 Coeur de pirate Comme des enfants
19%
1975 Dave Du côté de chez Swann
19%
2006 Grégory Lemarchal Écris l'histoire
19%
1980 Pierre Bachelet Elle est d'ailleurs
19%
1985 Francis Cabrel Encore et encore
19%
1981 Michel Sardou Être une femme
19%
1972 Michel Fugain et le Big Bazar Fais comme l'oiseau
19%
2006 Shy'm Femme de couleur
19%
1975 Il était une fois J'ai encore rêvé d'elle
19%
1985 Jean-Jacques Goldman La Vie par procuration
19%
2002 Kyo et Sita Le Chemin
19%
1980 Francis Cabrel L'Encre de tes yeux
19%
1968 Joe Dassin Le Petit pain au chocolat
19%
2014 Calogero Le Portrait
19%
2021 Clara Luciani Le reste
19%
1962 Charles Aznavour Les Comédiens
19%
2000 Yannick Noah Les Lionnes
19%
2019 M. Pokora Les Planètes
19%
2000 Roméo & Juliette Les Rois du monde
19%
1956 Edith Piaf L'homme à la moto
19%
2013 Disney Libérée délivrée
19%
1977 Pierre Perret Lily
19%
2003 Florent Pagny Ma liberté de penser
19%
1958 Édith Piaf Mon manège à moi
19%
1983 Renaud Morgane de toi
19%
1986 Stephanie Ouragan
19%
1977 Patrick Juvet Où sont les femmes
19%
2012 Céline Dion Parler à mon père
19%
1996 2 Be 3 Partir un jour
19%
1985 Gold Plus près des étoiles
19%
1993 Axelle Red Sensualité
19%
1998 Larusso Tu m'oublieras
19%
1978 Starmania (Fabienne Thibeault) Un garçon pas comme les autres (Ziggy)
19%
2005 Tina Arena Aimer jusqu'à l'impossible
17%
1999 Tina Arena Aller plus haut
17%
1972 Michel Fugain et le Big Bazar Attention mesdames et messieurs
17%
2020 Vianney Beau-papa
17%
1986 La compagnie créole Ça fait rire les oiseaux
17%
1973 Véronique Sanson Chanson sur ma drôle de vie
17%
1997 Florent Pagny Chanter
17%
2015 Soprano Clown
17%
1995 Ophélie Winter Dieu m'a donné la foi
17%
1987 Jean-Jacques Goldman Elle a fait un bébé toute seule
17%
1984 Jean-Jacques Goldman Encore un matin
17%
1988 David et Jonathan Est-ce que tu viens pour les vacances
17%
1961 Gilbert Bécaud Et maintenant
17%
1987 France Gall Évidemment
17%
2021 Camélia Jordana Facile
17%
1985 Jean-Jacques Goldman Je marche seul
17%
2016 Vianney Je m'en vais
17%
1997 Louise Attaque J't'emmène au vent
17%
1975 Gérard Lenorman La Ballade des gens heureux
17%
1963 Serge Gainsbourg La Javanaise
17%
1981 Thierry Pastor Le Coup de folie
17%
1975 Michel Sardou Le France
17%
1983 Claude Barzotti Le Rital
17%
1985 Sabine Paturel Les Bêtises
17%
2006 Superbus Lola
17%
2006 Anais Mon cœur mon amour
17%
1988 Patricia Kaas Mon mec à moi
17%
1987 Claude Nougaro Nougayork
17%
1969 Johnny Hallyday Que je t'aime
17%
2001 Zazie Rue de la paix
17%
1977 France Gall Si maman si
17%
1976 Eddy Mitchell Sur la route de Memphis
17%
1986 Elsa T'en va pas
17%
2004 Sinsemilia Tout le bonheur du monde
17%
2002 Natasha St-Pier Tu trouveras
17%
1991 Mecano Une femme avec une femme
17%
1997 Hélène Ségara et Andrea Boccelli Vivo per lei
17%
1998 Notre Dame de Paris Vivre
17%
2007 Pauline Allô le monde
15%
1970 Léo Ferré Avec le temps
15%
2013 Emmanuel Moire Beau malheur
15%
1965 Michel Delpech Chez Laurette
15%
1991 Stephan Eicher Déjeuner en paix
15%
2003 Kyo Dernière danse
15%
1964 Barbara Dis quand reviendras-tu
15%
1978 Michel Sardou En chantant
15%
2004 Pascal Obispo Fan
15%
1989 Michel Polnareff Goodbye Marylou
15%
1964 Charles Aznavour Hier encore
15%
2007 Christophe Willem Jacques a dit
15%
1999 Damien Saez Jeune et con
15%
1980 Francis Cabrel La Dame de Haute-Savoie
15%
1977 Michel Sardou La Java de Broadway
15%
1998 Alain Bashung La Nuit je mens
15%
1964 Sylvie Vartan La Plus belle pour aller danser
15%
1981 Daniel Balavoine La Vie ne m'apprend rien
15%
1979 Laurent Voulzy Le Cœur grenadine
15%
1990 Thierry Hazard Le Jerk
15%
1969 Georges Moustaki Le métèque
15%
1967 Johnny Hallyday Le Pénitencier
15%
1986 Lio Les Brunes comptent pas pour des prunes
15%
1967 Nino Ferrer Le Téléfon
15%
1984 Téléphone New York avec toi
15%
1971 Les Poppys Non non rien n'a changé
15%
2003 Corneille Parce qu'on vient de loin
15%
1976 Michel Delpech Quand j'étais chanteur
15%
2020 Amir Rétine
15%
2017 Claudio Capéo Riche
15%
1999 Johnny Hallyday Sang pour sang
15%
2004 Calogero Si seulement je pouvais lui manquer
15%
1991 Dany Brillant Suzette
15%
1999 David Hallyday Tu ne m'as pas laissé le temps
15%
2003 Emma Daumas Tu seras
15%
2014 Calogero Un jour au mauvais endroit
15%
1976 Véronique Sanson Vancouver
15%
1963 Salvatore Adamo Vous permettez Monsieur
15%
1986 Rita Mitsouko Andy
13%
2008 Christophe Maé Belle demoiselle
13%
1987 Corynne Charby Boule de flipper
13%
1986 Gold Capitaine abandonné
13%
2010 Mozart l'Opéra Rock C'est bientôt la fin
13%
1989 Francis Cabrel C'est écrit
13%
1987 Léopold Nord et vous C'est l'amour
13%
1972 Mike Brant C'est ma prière
13%
2001 Étienne Daho et Dani Comme un boomerang
13%
2019 Les Frangines Donnez-moi
13%
1987 Jean-Jacques Goldman Il changeait la vie
13%
1982 Philippe Lavil Il tape sur des bambous
13%
1999 M Je dis aime
13%
2005 Le Roi Soleil Je fais de toi mon essentiel
13%
1960 Charles Aznavour Je m'voyais déjà
13%
2000 Gérald De Palmas J'en rêve encore
13%
2018 Vitaa & Slimane Je te le donne
13%
1989 Patrick Bruel J'te l'dis quand même
13%
1972 C. Jérôme Kiss Me
13%
1986 Niagara L'Amour à la plage
13%
1973 Serge Lama Les P'tites femmes de Pigalle
13%
1968 Dalida Le Temps des fleurs
13%
1986 Mylène Farmer Libertine
13%
2016 Amir Longtemps
13%
2003 Natasha St-Pier (Feat Pascal Obispo) Mourir demain
13%
1991 Alain Bashung Osez Joséphine
13%
1991 Alain Bashung Osez Joséphine
13%
1951 Édith Piaf Padam padam
13%
2005 Laam Petite sœur
13%
1977 Yves Duteil Prendre un enfant (par la main)
13%
1987 Jean-Jacques Goldman Puisque tu pars
13%
1956 Jacques Brel Quand on n'a que l'amour
13%
1980 Michel Berger Quelques mots d'amour
13%
2002 Carla Bruni Quelqu'un m'a dit
13%
2000 Patrick Fiori Que tu reviennes
13%
1972 Joe Dassin Salut les amoureux
13%
1998 Céline Dion S'il suffisait d'aimer
13%
2008 Grégoire Ta main
13%
1990 Vanessa Paradis Tandem
13%
2001 Lara Fabian et Maurane Tu es mon autre
13%
1978 Claude Nougaro Tu verras
13%
2003 Tété À la faveur de l'automne
12%
1999 Patrick Bruel Au café des délices
12%
1976 Alain Souchon Bidon
12%
1985 Michel Berger Chanter pour ceux qui sont loin de chez eux
12%
1984 Laurent Voulzy (Véronique Jeannot) Désir désir
12%
2017 Vianney Dumbo
12%
2003 Chimene Badi Entre nous
12%
2000 Florent Pagny Et un jour une femme
12%
1963 Charles Aznavour For Me Formidable
12%
1974 Alain Bashung Gaby oh Gaby
12%
1984 Daniel Lavoie Ils s'aiment
12%
1981 Jean-Jacques Goldman Il suffira d'un signe
12%
2002 Jenifer J'attends l'amour
12%
1981 Michel Sardou Je viens du Sud
12%
1974 France Gall La Déclaration d'amour
12%
1993 Alain Souchon L'amour à la machine
12%
1981 Sylvie Vartan L'Amour c'est comme une cigarette
12%
1975 Alain Chamfort Le Temps qui court
12%
1982 Julien Clerc Lili voulait aller danser
12%
1987 Patricia Kaas Mademoiselle chante le blues
12%
1979 Alain Chamfort Manureva
12%
1977 France Gall Musique
12%
2005 Amel Bent Ne retiens pas tes larmes
12%
2022 Keen'v Outété
12%
2000 Isabelle Boulay Parle-moi
12%
1976 Eddy Mitchell Pas de boogie-woogie
12%
2007 Calogero Pomme C
12%
2010 Coeur de Pirate & Julien Doré Pour un infidèle
12%
1996 Dany Brillant Quand je vois tes yeux
12%
1991 Patrick Bruel Qui a le droit
12%
2009 Grégoire Rue des étoiles
12%
1987 Mylène Farmer Sans contrefaçon
12%
1969 Sacha Distel Toute la pluie tombe sur moi
12%
1987 Gérard Blanc Une autre histoire
12%
1991 William Sheller Un homme heureux
12%
2010 Brigitte Battez-vous
10%
1972 Véronique Sanson Besoin de personne
10%
1986 Caroline Loeb C'est la ouate
10%
1973 Claude François Chanson populaire
10%
1968 Françoise Hardy Comment te dire adieu
10%
1974 Michel Jonasz Dites-moi
10%
2007 Vanessa Paradis Divine idylle
10%
2002 Jenifer Donne-moi le temps
10%
1969 Serge Gainsbourg Élisa
10%
2005 Le Roi Soleil Être à la hauteur
10%
1990 Julien Clerc Fais-moi une place
10%
1982 Jean-Luc Lahaye Femme que j'aime
10%
1999 Héléne Ségara Il y a trop de gens qui t'aiment
10%
1981 Patrick Coutin J'aime regarder les filles
10%
2000 Henri salvador Jardin d'hiver
10%
1967 Michel Fugain Je n'aurai pas le temps
10%
1996 Zazie J'envoie valser
10%
1995 Céline Dion Je sais pas
10%
1994 Les Enfoirés La Chanson des restos
10%
1997 Lara Fabian La Différence
10%
2006 Rose La liste
10%
2000 Les 10 Commandements Le Dilemme
10%
2008 Julien Doré Les Limites
10%
2015 Kendji Girac Les Yeux de la mama
10%
2004 Jenifer Ma révolution
10%
1976 Charles Aznavour Mes emmerdes
10%
1964 Françoise Hardy Mon amie la rose
10%
2016 Soprano Mon précieux
10%
2016 Soprano Mon précieux
10%
1986 Catherine Lara Nuit magique
10%
1972 Michel Polnareff On ira tous au paradis
10%
1985 Johnny Hallyday Quelque chose de Tennessee
10%
2003 M Qui de nous deux
10%
2004 Zazie Rodéo
10%
2022 Louane Secret
10%
1975 Michel Berger Seras-tu là
10%
2000 Julie Zenatti Si je m'en sors
10%
2002 Lorie Sur un air latino
10%
2003 Roch Voisine Tant pis
10%
2000 Gérald De Palmas Tomber
10%
2017 Slimane Viens on s'aime
10%
1989 Patrick Bruel Alors regarde
8%
1990 Felix Gray & Didier Barbelivien À toutes les filles
8%
1985 Alain Souchon Ballade de Jim
8%
1995 Florent Pagny Bienvenue chez moi
8%
2016 Claudio Capéo Ça va ça va
8%
1980 Michel Berger Celui qui chante
8%
2009 Calogero C'est dit
8%
1971 Claude François C'est la même chanson
8%
1969 Charles Aznavour Désormais
8%
1977 Michel Sardou Dix ans plus tôt
8%
1999 Héléne Ségara Elle tu l'aimes
8%
1978 Michèle Torr Emmène-moi danser ce soir
8%
1999 Céline Dion En attendant ses pas
8%
1993 Patricia Kaas Il me dit que je suis belle
8%
2002 Lara Fabian Immortelle
8%
2001 Marc Lavoine et Marocco J'ai tout oublié
8%
2017 Calogero Je joue de la musique
8%
2018 Angèle Je veux tes yeux
8%
2005 Olivia Ruiz J'traîne des pieds
8%
2009 BB Brunes Lalalove you
8%
1987 Bézu et la Classe La Queuleuleu
8%
2017 Vianney Moi aimer toi
8%
1987 Florent Pagny N'importe quoi
8%
1999 M Onde sensuelle
8%
2017 Louane Si t'étais là
8%
2014 Stromae Ta fête
8%
1986 Elli Medeiros Toi mon toit
8%
1985 Étienne Daho Tombé pour la France
8%
2000 Gérald De Palmas Une seule vie
8%
2004 Calogero Yalla
8%
1990 Liane Foly Au fur et à mesure
6%
1985 Laurent Voulzy Belle-Île-en-Mer Marie-Galante
6%
2007 Christophe Maé Ça fait mal
6%
1973 Michel Fugain et le Big Bazar Chante... comme si tu devais mourir demain
6%
1995 Céline Dion Destin
6%
2004 Gérald De Palmas Elle habite ici
6%
1993 Patricia Kaas Entrer dans la lumière
6%
1986 Niagara Je dois m'en aller
6%
2001 Natasha St-Pier Je n'ai que mon âme
6%
1985 Frédéric François Je t'aime à l'italienne
6%
1977 Claude François Je vais à Rio
6%
1988 Petula Clarck La gadoue
6%
1991 Céline Dion L'Amour existe encore
6%
2019 Kids United Nouvelle génération La Tendresse
6%
1975 Claude François Le Chanteur malheureux
6%
1997 Teri Moïse Les Poèmes de Michelle
6%
1989 François Feldman Les Valses de Vienne
6%
1995 Mylène Farmer L'Instant X
6%
1979 Véronique Sanson Ma révérence
6%
2002 Pascal Obispo Millésime
6%
2002 Patrick Bruel Mon amant de Saint-Jean
6%
1988 Céline Dion Ne partez pas sans moi
6%
2000 Liane Foly On a tous le droit
6%
2018 Kendji Girac Pour oublier
6%
1976 Johnny Hallyday Requiem pour un fou
6%
1994 Pascal Obispo Tombé pour elle
6%
2013 Christophe Maé Tombé sous le charme
6%
1995 Zazie Un point c'est toi
6%
1987 Bues Trottoir Un soir de pluie
6%
1978 France Gall Viens je t'emmène
6%
1989 Jean-Louis Aubert Voilà c'est fini
6%
2002 Jenifer Des mots qui résonnent
4%
2001 Lara Fabian J'y crois encore
4%
1987 Gold Laissez-nous chanter
4%
1973 Johnny Hallyday La Musique que j'aime
4%
2006 Florent Pagny Là où je t'emmènerai
4%
2000 Les 10 Commandements La Peine maximum
4%
1943 Lina Margy Le petit vin blanc
4%
1990 Patricia Kaas Les hommes qui passent
4%
1999 Marc Lavoine Les Tournesols
4%
1973 Michel Sardou Les vieux mariés
4%
1973 Michel Sardou Les Villes de solitude
4%
1999 Pascal Obispo L'Important c'est d'aimer
4%
2008 Christophe Maé Mon p'tit gars
4%
1990 Fredericks Goldman Jones Né en 17 à Liedenstadt
4%
1998 Céline Dion On ne change pas
4%
1986 Francis Lalanne (Le Passage) On se retrouvera
4%
1989 Pauline Ester Oui je l'adore
4%
1999 Axelle Red Parce que c'est toi
4%
1968 Serge Regianni Il suffisait de presque rien
2%
2007 Christophe Maé Parce qu'on sait jamais
2%
1994 Florent Pagny Si tu veux m'essayer
2%
Aucun quiz correspondant
Distribution des résultats
% des personnes avec chaque résultat
Percentile par nombre de réponses
Votre historique - résultats
Vous n’avez pas pris ce quiz depuis la dernière actualisation